Revista Realidad. Tabla de contenido: número 122, 2009
Պահպանված է:
| Ձևաչափ: | Գիրք |
|---|---|
| Լեզու: | Spanish |
| Հրապարակվել է: |
2009
|
| Ցուցիչներ: |
Ավելացրեք ցուցիչ
Չկան պիտակներ, Եղեք առաջինը, ով նշում է այս գրառումը!
|
MARC
| LEADER | 00000nam a22000007a 4500 | ||
|---|---|---|---|
| 003 | cru IIS | ||
| 005 | 20211015164751.0 | ||
| 008 | 211014b2009 es ||||| |||| 00| 0 spa d | ||
| 040 | |c CRAI UCR | ||
| 082 | |a REV1661 (122) 2009 | ||
| 245 | |a Revista Realidad. Tabla de contenido: número 122, 2009 | ||
| 260 | |a 2009 | ||
| 500 | |a Colección Centroamérica | ||
| 505 | |a Petición de perdón: ¿Reconocimiento de las víctimas? - El Editor 733-736 // Friedrich A. Hayek (1899-1992): de la abstracción hasta la “invisibilización”, pasando por el “orden espontáneo” (I parte) - José Ramón Catalán 737-821 // Evolución y religión: ¿Incompatibilidad o integración? - Carlos Beorlegui 823-852 // La función liberadora de la filosofía y el método de historización de los conceptos en Ignacio Ellacuría - Héctor Samour 853-876 // Comentario. Los mártires de El Salvador - Juan José Tamayo 877-880 // Comentario. Una reflexión sobre el Estado: la vuelta a los clásicos del marxismo - Luis Armando González 881-888 // Comentario. A Ernesto Sabato: “Antes de su fin” - Julián González Torres 889-899 // Retos para la praxis: un acercamiento a los movimientos sociales contemporáneos - Luis Alvarenga 901-904 // Nuestra herencia europea: ¿Educación para mujeres? - Katherine Miller 905-926 | ||
| 773 | 0 | |0 40343 |9 6221 |a Universidad Centroamericana José Simeón Cañas (UCA) |d El Salvador: Universidad Centroamericana José Simeón Cañas. Facultad de Ciencias Sociales y Humanidades |o 11217 |t Realidad: |x 10125515 | |
| 942 | |2 ddc |c PP | ||
| 999 | |c 43910 |d 43910 | ||
